000 00705nam a2200229Ii 4500
003 JO-AjNU
008 230605s9999||||xx |||||||||||||| ||und||
017 _a18/2116
020 _a9960-749-79-7
040 _aJO-AjNU
_bara
_erda
_cJO-AjNU
041 _aara
050 1 4 _aBP179.S244 1997
100 3 _aالصغير، فالح بن محمد,
_eauthor
_947759
245 0 0 _aوقفات مع الصائمين
250 _aط1
264 3 1 _aالرياض: دار العاصمة، 1997
300 _a2012ص
336 _atext
_btxt
_2rdacontent
337 _aunmediated
_bn
_2rdamedia
338 _avolume
_bnc
_2rdacarrier
650 4 _aالصوم- شهر رمضان- الوعظ والارشاد
_947760
999 _aA20871
_c24439
_d24439